| 000 | 00595nam a22002057a 4500 | ||
|---|---|---|---|
| 003 | OSt | ||
| 005 | 20140310182353.0 | ||
| 008 | 131001t xxu||||| |||| 00| 0 eng d | ||
| 020 | _a9812553290 | ||
| 050 |
_aLB 1576 _b.W872s3 2005 |
||
| 082 |
_aGS 428 _bW84-3 2005 |
||
| 100 |
_aWong, C. K. _922232 |
||
| 245 |
_aPrimary level English 3 / _cC. K. Wong. |
||
| 260 |
_aSingapore : _bSingapore Asian Publications, _c2005. |
||
| 300 |
_a151 p. : _bill. ; _c24 cm. |
||
| 650 |
_aEnglish language _xStudies and teaching _922233 |
||
| 650 |
_aGrammar. _91590 |
||
| 942 |
_2lcc _cBK-GS |
||
| 999 |
_c12406 _d12406 |
||